Loreto College Library, Kolkata
WEBOPAC (ONLINE PUBLIC ACCESS CATALOGUE)

Six Great Englishman (Record no. 13912)

MARC details
000 -LEADER
fixed length control field 00665nam a2200253Ia 4500
005 - DATE AND TIME OF LATEST TRANSACTION
control field 20230810105951.0
008 - FIXED-LENGTH DATA ELEMENTS--GENERAL INFORMATION
fixed length control field 131103s9999 xx 000 0 und d
040 ## - CATALOGING SOURCE
Original cataloging agency Loreto College
041 ## - LANGUAGE CODE
Language code English
082 ## - DDC | ডিউই
Classification number | বর্গসংখ্যা 920
Book Number | গ্রন্থাঙ্ক SEL
100 ## - MAIN ENTRY--PERSONAL NAME | মুখ্য সংলেখ - ব্যাক্তিনাম
Personal name | ব্যাক্তিনাম Selincourt,Aubrey De
245 ## - TITLE STATEMENT | অাখ্যা বিবরণী
Title | অাখ্যা Six Great Englishman
Sub title | উপঅাখ্যা Drake,Dr.Johnson,Nelson,Marlborough,Keats,Churchill
Statement of responsibility | লেখকের দায়িত্বের বিবরণ Aubrey De Selincourt
260 ## - IMPRINT | প্রকাশনা ক্ষেত্র
Place of publication | প্রকাশ স্থান London
Name of publisher | প্রকাশকের নাম Hamish Hamilton
Date of publication | প্রকাশ কাল 1953 (1955 printing)
300 ## - PHYSICAL DESCRIPTION |
Page / Vol. No | পৃষ্ঠা / খন্ড সংখ্যা 215 p.
630 ## - SUBJECT ADDED ENTRY--UNIFORM TITLE
Uniform title Biography
630 ## - SUBJECT ADDED ENTRY--UNIFORM TITLE
Uniform title Churehill
630 ## - SUBJECT ADDED ENTRY--UNIFORM TITLE
Uniform title Kats
630 ## - SUBJECT ADDED ENTRY--UNIFORM TITLE
Uniform title Marlborough
630 ## - SUBJECT ADDED ENTRY--UNIFORM TITLE
Uniform title Nelson
650 ## - SUBJECT ADDED ENTRY--TOPICAL TERM | বিষয় শিরোনাম - মূল বিষয়
Topical term | মূল বিষয় Drake
651 ## - SUBJECT ADDED ENTRY--GEOGRAPHIC NAME | বিষয় শিরোনাম - ভৌগলিক নাম
Geographic name | ভৌগলিক বিষয় Johnson
850 ## - HOLDING INSTITUTION
Holding institution LCLIB
942 ## - ADDED ENTRY ELEMENTS (KOHA)
Koha item type Books
Holdings
Withdrawn status Lost status Source of classification Damaged status Not for loan Home library Current library Date acquired Total Checkouts Full call number Accession No. Date last seen Price effective from Koha item type Coded location qualifier
    Dewey Decimal Classification     Loreto College Loreto College 04/11/2013   920 SEL B13939 04/11/2013 04/11/2013 Books